Prečo je v I.D.C. dôležitá produktivita ? skúsenosti a prístupy pri zvyšovaní produktivity v I.D.C. Holding, a.s.

I.D.C. Holding, a.s. patrí medzi najvýznamnejšie podnikajúce subjekty v potravinárskom odvetví na Slovensku, v ktorom je mimoriadne silná konkurencia. Chápanie produktivity v I.D.C. Holding, a.s. Produktivita predstavuje v I.D.C. Holding, a.s. dôležitý nástroj na dosiahnutie strategických cieľov fir...

Ausführliche Beschreibung

Gespeichert in:
Bibliographische Detailangaben
1. Verfasser: Kassay, Štefan
Format: Buchkapitel
Sprache:Slowakisch
Schlagworte:
Tags: Tag hinzufügen
Keine Tags, Fügen Sie das erste Tag hinzu!

MARC

LEADER 00000naa a2200000 4500
001 r042985
005 20231002121100.3
041 0 |a slo 
044 |a SK 
245 1 0 |a Prečo je v I.D.C. dôležitá produktivita ?  |b skúsenosti a prístupy pri zvyšovaní produktivity v I.D.C. Holding, a.s.  |c Štefan Kassay 
520 |a I.D.C. Holding, a.s. patrí medzi najvýznamnejšie podnikajúce subjekty v potravinárskom odvetví na Slovensku, v ktorom je mimoriadne silná konkurencia. Chápanie produktivity v I.D.C. Holding, a.s. Produktivita predstavuje v I.D.C. Holding, a.s. dôležitý nástroj na dosiahnutie strategických cieľov firmy. Výsledky v oblasti produktivity v I.D.C. Holding, a.s. 
610 2 0 |a produktivita 
610 2 0 |a produktivita práce 
610 2 0 |a I.D.C. Holding, a.s. 
610 2 0 |a riadenie strategické 
610 2 0 |a výkonnosť 
610 2 0 |a ukazovatele produktivity práce 
610 2 0 |a konkurencieschopnosť 
100 1 |a Kassay, Štefan